Diagns̤tico sobre la incidencia de los delitos cometidos por las mujeres privadas de su libertad procesadas y sentenciadas

Detalles Bibliográficos
Autor principal: Hernǹdez Abarca, Nuria Gabriela
Formato: eBook
Lenguaje:español
Publicado: Ciudad de Mx̌ico: Cm̀ara de Diputados, 2009
Materias:
Acceso en línea:Acceso restringido

MARC

LEADER 00000nam a22000007a 4500
005 20170829003921.0
007 cr|||| |||
008 170829s2009 mx |||||s||||f00||0 spa d
020 |a 978-607-7919-01-18 
035 |a 20462 
040 |a vLex 
090 |c 6865  |d 6865 
100 1 |a Hernǹdez Abarca, Nuria Gabriela 
245 1 0 |a Diagns̤tico sobre la incidencia de los delitos cometidos por las mujeres privadas de su libertad procesadas y sentenciadas  |h [Recurso electrn̤ico] /  |c Nuria Gabriela Hernǹdez Abarca 
256 |a Servicio en ln̕ea 
260 |a Ciudad de Mx̌ico:  |b Cm̀ara de Diputados,  |c 2009 
300 |a 1 recurso electrn̤ico 
506 1 |a Disponible solo en los productos indicados  |d vLex Global  |d vLex Global (Academic Edition, excluding Law Schools)  |d vLex Global (U.S. Academic Edition, Law Schools)  |d vLex Global (U.S. Academic Edition, excluding Law Schools)  |d vLex Global (Academic Edition, Law Schools) 
650 0 4 |a Derecho Penal  |z Mx̌ico 
740 0 |a vLex Libros (Servicio en ln̕ea) 
856 4 0 |u http://vlex.com/source/diagnostico-sobre-la-incidencia-de-los-delitos-cometidos-por-las-mujeres-privadas-de-su-libertad-procesadas-y-sentenciadas-20462  |z Acceso restringido 
942 |c BOOK 
999 0 |a Criminal law